Razón de Estado razón de mercado /
Збережено в:
| Автор: | |
|---|---|
| Формат: | Текст |
| Предмети: | |
| Теги: |
Додати тег
Немає тегів, Будьте першим, хто поставить тег для цього запису!
|
MARC
| LEADER | 00000 a a2200000 04500 | ||
|---|---|---|---|
| 001 | 10726 | ||
| 003 | |||
| 040 | |||
| 100 | |a Sánchez Parga, José | ||
| 245 | |a Razón de Estado razón de mercado / |c José Sánchez Parga | ||
| 650 | |a ESTADO | ||
| 650 | |a MERCADO | ||
| 650 | |a ECONOMIA DE MERCADO | ||
| 650 | |a TEORIA POLITICA | ||
| 650 | |a CAMBIO SOCIAL | ||
| 773 | |g número 188; páginas 133-151 | ||
| 999 | |c 30137 |d 30137 | ||
